000 00331nam a2200133Ia 4500
008 240624s9999 xx 000 0 und d
041 _aeng
082 _a658.4062 DAY
100 _aDAY GEORGE S
245 _aWHARTON ON MANAGING EMERGING TECHNOLOGIE
260 _c2004
_aTechnologies
_bWiley
300 _a480 : p.
365 _c
_b26
999 _c23958
_d23958